| 000 | 01483cam a22003857a 4500 | ||
|---|---|---|---|
| 003 | CHAP | ||
| 005 | 20220817043604.0 | ||
| 008 | 000114d1999 mx a r 00010 spa d | ||
| 010 | _a79222 | ||
| 011 | _a80194 | ||
| 035 | _a90640 | ||
| 040 | _cCHAP | ||
| 090 | _aFolleto 15556 | ||
| 100 | 0 | 0 |
_aSalgado García, Sergio. _9101585 |
| 245 | 0 |
_aManual de procedimientos para el muestreo de suelos , plantas y aguas e interpretación en cultivos tropicales _c/por Sergio Salgado García, David J. Palma López y José Cisneros Domínguez |
|
| 260 |
_aVillahermosa, Tab. : _bInstituto para el Desarrollo de Sistemas de Producción del Trópico Húmedo de Tabasco, _c1999. |
||
| 300 |
_a76 p. : _bilus. |
||
| 590 |
_aBATCH-UPD _b10 _c20130110 _lUCH01 _h0505 |
||
| 590 |
_aBATCH-UPD _b10 _c20130110 _lUCH01 _h2208 |
||
| 590 |
_aBATCH-UPD _b10 _c20130410 _lUCH01 _h0142 |
||
| 590 |
_aBATCH-UPD _b10 _c20130913 _lUCH01 _h2242 |
||
| 590 |
_aCONVERSION _b10 _c20130109 _lUCH01 _h1344 |
||
| 650 | 1 | 4 |
_aAgua _xAnálisis. _92280 |
| 650 | 1 | 4 |
_aDiagnóstico foliar. _932394 |
| 650 | 1 | 4 |
_aMuestreo de suelos. _979287 |
| 650 | 1 | 4 |
_aPlantas _xElementos menores. _988822 |
| 650 | 1 | 4 |
_aPlantas _xElementos minerales. _988823 |
| 700 | 0 |
_aCisneros Domíguez, José. _923444 |
|
| 700 | 0 | _aPalma López, David J. | |
| 901 | _aBK | ||
| 905 | _aLilia Sánchez G. | ||
| 942 | _cFOLL | ||
| 949 |
_aFolleto 15556 _bBC _cFOLL _d906401 _eTS1 _i90640 _sb |
||
| 949 |
_aFolleto 15556 _bBC _cUACH _d906402 _eUACH _fc.2 _i90640 _sb |
||
| 999 |
_c79222 _d79222 |
||